00482nam a2200157 a 450000100100000000500170001000800410002702000150006804000250008308200220010810000350013024500530016525000110021826000680022930000270029700003044720200930062322.0110517s2011 dr a 000 j spa d a0965015432 aDO-SdBNPbspacBNPHU axxxxbR457c, 20111 aReyes Vicente, Damarys,d1976-14aLos cuentos de Syramar /cDamarys Reyes Vicente. a2a ed. aSan Juan, Puerto Rico :bMakarios,c2011eSanto DomingofBúho a68 p. :bil. ;c22 cm.